Highest Goalscorers in La Liga 2022/23 - Statistics

General Stats
  • This quiz has been taken 78 times
  • The average score is 13 of 23
Answer Stats
# Goals Club Answer % Correct
2 19 Real Madrid Karim Benzema
100%
4 15 Atletico Madrid Antoine Griezmann
97%
1 23 Barcelona Robert Lewandowski
97%
14 10 Real Madrid Vinícius Júnior
87%
10 12 Celta Vigo Iago Aspas
85%
18 9 Real Madrid Rodrygo
79%
8 13 Atletico Madrid Álvaro Morata
73%
3 16 Espanyol Joselu
73%
14 10 Athletic Bilbao Inaki Williams
69%
4 15 Real Betis Borja Iglesias
66%
4 15 Real Mallorca Vedat Muriqi
55%
10 12 Real Sociedad Alexander Sørloth
52%
18 9 Girona Christian Stuani
45%
18 9 Real Sociedad Take Kubo
45%
18 9 Real Madrid Marco Asensio
43%
18 9 Atletico Madrid Ángel Correa
42%
7 14 Getafe Enes Ünal
37%
10 12 Villarreal Nicolas Jackson
33%
8 13 Girona Valentin Castellanos
33%
18 9 Rayo Vallecano Isi Palazón
31%
14 10 Athletic Bilbao Oihan Sancet
31%
13 11 Celta Vigo Gabri Veiga
25%
14 10 Espanyol Martin Braithwaite
21%
No matching quizzes found
Score Distribution
Percent of People with Each Score
Percentile by Number Answered
Your Score History
You have not taken this quiz